Most Populated Towns In Nassau County - Statistics

General Stats
  • This quiz has been taken 8 times
  • The average score is 7 of 15
Answer Stats
Hint Answer % Correct
3 Freeport
100%
1 Hempstead
100%
8 Long Beach
75%
15 Rockville Centre
75%
5 Valley Stream
75%
2 Levittown
63%
7 Elmont
50%
10 Oceanside
50%
9 Baldwin
38%
13 Glen Cove
38%
11 Uniondale
25%
6 East Meadow
13%
12 Franklin Square
13%
4 Hicksville
13%
14 Plainview
13%
No matching quizzes found
Score Distribution
Percent of People with Each Score
Percentile by Number Answered
Your Score History
You have not taken this quiz